Шифртелеграмма полпреда СССР в Турции С. А. Виноградова в НКИД СССР о беседе с министром иностранных дел Турции Ш. Сараджоглу

RUSMARC
00005375cbm0a2200337#x 450
0012901b56e-28e8-4420-b73b-a736943f4003
00520210520145236.0
100##$a20210423j19401012k###0rusy50 ca
1010#$arus
102##$aTR
1220#$ad19401012##
2001#$aШифртелеграмма полпреда СССР в Турции С. А. Виноградова в НКИД СССР о беседе с министром иностранных дел Турции Ш. Сараджоглу
$j12 октября 1940 г.
251##$cДокумент
300##$aЗаверенная копия
461#0$12001
$aФ. 059
$1251
$cФонд
$1852
$j059
462#0$12001
$aОп. 1. П. 314
$1251
$cОпись
$1852
$j1. П. 314
462#0$12001
$aД. 2163
$vЛ. 51-54
$1251
$cДело
$1852
$j2163
600#1$2prlib_sh
$3LIBNET\UAF\0000092341
$aСараджоглу
$bМ. Ш.
$gМехмет Шюкрю
$f1887-1953
$jДокументы и материалы
605##$2prlib_sh
$3LIBNET\UAF\0000088514
$aВторая мировая война в архивных документах (Комплекс оцифрованных архивных документов, кино- и фотоматериалов)
$lколлекция
607##$2prlib_sh
$3LIBNET\UAF\0000095214
$aСССР
$xВзаимоотношения
$yТурция
$z1940
$jДокументы и материалы
607##$2prlib_sh
$3LIBNET\UAF\0000095212
$aТурция
$xВзаимоотношения
$yСССР
$z1940
$jДокументы и материалы
607##$2prlib_sh
$3LIBNET\UAF\0000095221
$aТурция
$xМеждународное положение
$z1940
$jДокументы и материалы
617##$2prlib_sh
$aТурция
$f1940
686##$a63.3(2)62-6ю11
$vLBC/M
$2rubbk
686##$a63.3(5Туц)62-6ю11
$vLBC/M
$2rubbk
801#0$aRU
$bПБ им. Б.Н. Ельцина
$c20210423
801#1$aRU
$bПБ им. Б.Н. Ельцина
$c20210423
$2rusmarc
801#2$aRU
$bПБ им. Б.Н. Ельцина
$c20210520
$2rusmarc
850##$aАрхив внешней политики Российской Федерации
852##$aАВП РФ
$jЛ. 51-54
8564#$nПБ им. Б.Н. Ельцина
$uhttp://readingroom.main.prlib.ru/item.aspx?id_node=n164409462&mode=full
035##$aLIBNET\0001149379
937##$d164409462
$hФедеральное архивное агентство
Формат отображения